| Tag |
First Indicator |
Second Indicator |
Subfields |
| LEADER |
00000cam a2200000 a 4500 |
| 001 |
in00000051042 |
| 005 |
20190710165113.0 |
| 008 |
811210s1980 azua b 00110beng |
| 010 |
|
|
|a 79052507
|
| 020 |
|
|
|a 0873581970 :
|c $15.50
|
| 020 |
|
|
|a 0873581989 (pbk.)
|
| 035 |
|
|
|a (OCoLC)08051739
|
| 035 |
|
|
|9 AAF4308AM
|
| 039 |
0 |
|
|a 2
|b 3
|c 3
|d 3
|e 3
|
| 040 |
|
|
|a DLC
|c DLC
|d TXA
|d UtOrBLW
|
| 043 |
|
|
|a n-us---
|
| 049 |
|
|
|a TXAM
|c [1561301]
|
| 050 |
0 |
0 |
|a NA737.C64
|b G7
|
| 082 |
0 |
|
|a 720/.92/4
|a B
|2 19
|
| 100 |
1 |
|
|a Grattan, Virginia L.
|
| 245 |
1 |
0 |
|a Mary Colter, builder upon the red earth /
|c by Virginia L. Grattan.
|
| 250 |
|
|
|a 1st ed.
|
| 264 |
|
1 |
|a Flagstaff, Ariz. :
|b Northland Press,
|c 1980.
|
| 300 |
|
|
|a x, 131 pages :
|b illustrations ;
|c 21 x 23 cm.
|
| 336 |
|
|
|a text
|b txt
|2 rdacontent
|
| 337 |
|
|
|a unmediated
|b n
|2 rdamedia
|
| 338 |
|
|
|a volume
|b nc
|2 rdacarrier
|
| 500 |
|
|
|a Includes index.
|
| 580 |
|
|
|a The Cushing Library/Lowman/Book Design copy forms part of the Book Design Section of the Al Lowman Printing Arts Collection and Research Archive.
|
| 508 |
|
|
|a Designed by Nancy Solomon.
|
| 504 |
|
|
|a Bibliography: pages 119-123.
|
| 600 |
1 |
0 |
|a Colter, Mary Elizabeth Jane,
|d 1869-1958.
|
| 650 |
|
0 |
|a Architects
|z United States
|v Biography.
|
| 700 |
1 |
|
|a Solomon, Nancy,
|e book designer.
|
| 710 |
2 |
|
|a Press in the Pines,
|e printer.
|
| 710 |
2 |
|
|a Roswell Bookbinding,
|e binder.
|
| 773 |
0 |
|
|t Al Lowman Printing Arts Collection and Research Archive.
|
| 999 |
|
|
|a MARS
|
| 999 |
f |
f |
|s 42501c98-2211-3c23-b491-9362a45bef52
|i 41afe5cf-629a-3fe6-b5ab-7d47aafabc32
|t 0
|
| 952 |
f |
f |
|p ric
|a Texas A&M University
|b Rellis Campus
|c Joint Library Facility
|d Remote Storage
|t 0
|e NA737.C64 G7
|h Library of Congress classification
|i unmediated -- volume
|m A14813908573
|
| 952 |
f |
f |
|p noncirc
|a Texas A&M University
|b College Station
|c Cushing Memorial Library & Archives
|d Cushing: Lowman (Does not check out)
|t 0
|e NA737.C64 G7 1980
|h Library of Congress classification
|i unmediated -- volume
|
| 998 |
f |
f |
|a NA737.C64 G7 1980
|t 0
|l Cushing: Lowman (Does not check out)
|
| 998 |
f |
f |
|a NA737.C64 G7
|t 0
|l Remote Storage
|